| 000 | 00719nam a2200193Ia 4500 | ||
|---|---|---|---|
| 008 | 151121s9999||||xx |||||||||||||| ||und|| | ||
| 082 | _a403/नरव | ||
| 082 | _bHNW-52514 | ||
| 100 | _aनरवणे वि।दि। - संपा। | ||
| 245 | _aभारतीय व्यवहार कोश | ||
| 260 | _b"मेहता पब्लि। हाऊस, पुणे।" | ||
| 260 | _c-- | ||
| 300 | _a266 | ||
| 600 | _aनरवणे वि।दि। - संपा। | ||
| 630 | _aभारतीय व्यवहार कोश | ||
| 700 | _aनरवणे वि।दि। - संपा। | ||
| 730 | _aभारतीय व्यवहार कोश | ||
| 942 | _cBOOK | ||
| 999 |
_c1236511 _d1236508 |
||